| 000 | 00963nam a2200217 i 4500 | ||
|---|---|---|---|
| 001 | 163629 | ||
| 003 | ES-MaACL | ||
| 005 | 20250805062426.0 | ||
| 008 | 981002s1817 fr |||| | fre d | ||
| 040 |
_aCARM _bspa _cCCPB | 3D |
||
| 100 | 1 |
_aRobertson, William ( _d1721-1793) _9164575 |
|
| 245 | 1 | 0 |
_aHistoire du régne de l'empereur Charles-Quint _b: précédée d'un tableau des progrès de la société en Europe depuis la destruction de l'empire romain jusqu'au commencement du seizième siècle / _cpar W. Robertson ; traduite de l'anglois par J.B.A. Suard. |
| 260 |
_aA Paris : _bchez Janet et Cotelle, libraires, _c1817 ( _fde l'imprimerie de P. Didot, L'Ainé) |
||
| 300 |
_a4 v. ; _c20 cm. |
||
| 600 | 0 | 4 |
_aCarlos _bI, _cRey de España _935296 |
| 651 | 4 |
_aEspaña- _xHistoria- _y1516-1556, Carlos I. _98224 |
|
| 700 | 1 |
_aSuard, J.B.A. _9132940 |
|
| 852 |
_aES-MaACL _jB-5663-66 _z-- Rust. |
||
| 999 |
_c163629 _d163629 |
||